[Event "AUTO-INT-3716"]
[Site "http://www.queenalice.com/game.php?id=1775053"]
[Date "2021.11.17"]
[Round "1"]
[White "NickThorp"]
[Black "gutopa"]
[Result "0-1"]
[WhiteElo "1630"]
[BlackElo "1494"]

1. e4 e5 2. Nf3 d6 3. Bb5+ c6 4. Bd3 Bg4 5. h3 Bxf3 6. Qxf3 Nf6 7. Nc3 d5 8.
exd5 cxd5 9. Bb5+ Nc6 10. d3 h6 11. Bd2 Bb4 12. O-O Bxc3 13. Bxc3 a6 14. Ba4 b5
15. Bb3 O-O 16. Rfe1 Re8 17. a4 b4 18. Bd2 Nd4 19. Qg3 Nf5 20. Qf3 Nd4 21. Qe3
Nxb3 22. cxb3 Rc8 23. Rac1 Rxc1 24. Rxc1 d4 25. Qg3 g5 26. Rc6 a5 27. Rxf6 Qxf6
28. h4 g4 29. Qxg4+ Qg6 30. Qd7 f5 31. Qd5+ Qf7 32. Qxa5 Qxb3 33. Bxb4 e4 34.
Qd5+ Qxd5 0-1

[Event "AUTO-INT-3716"]
[Site "http://www.queenalice.com/game.php?id=1775054"]
[Date "2021.11.17"]
[Round "1"]
[White "gutopa"]
[Black "NickThorp"]
[Result "1-0"]
[WhiteElo "1483"]
[BlackElo "1634"]

1. e4 e5 2. Bc4 Bc5 3. Qh5 Qf6 4. Qf3 Qxf3 5. Nxf3 d6 6. Ng5 f6 7. Ne6 Bxe6 8.
Bxe6 Ke7 9. Bxg8 Rxg8 10. O-O Nc6 11. c3 g5 12. b4 Bb6 13. a4 a6 14. a5 Ba7 15.
Na3 h5 16. d3 h4 17. Be3 Bxe3 18. fxe3 b6 19. d4 exd4 20. exd4 Nd8 21. axb6 cxb6
22. Nc4 b5 23. Nb6 Rb8 24. Nd5+ Ke6 25. Rxa6 Rf8 26. Ne3 Kd7 27. Ng4 Ke6 28. d5+
Ke7 29. Ra7+ Rb7 30. Rxb7+ Nxb7 31. Ra1 f5 32. exf5 Rxf5 33. Ra7 Rxd5 34. Rxb7+
Ke6 35. Ne3 Rd3 36. Kf2 Rxc3 37. Rxb5 Kf6 38. Nd5+ 1-0

[Event "AUTO-INT-3716"]
[Site "http://www.queenalice.com/game.php?id=1775075"]
[Date "2021.11.17"]
[Round "1"]
[White "Castling"]
[Black "gutopa"]
[Result "0-1"]
[WhiteElo "1590"]
[BlackElo "1481"]

1. e4 e5 2. Bc4 d6 3. h3 Nf6 4. d3 h6 5. Nc3 c6 6. Nf3 b5 7. Bb3 Be6 8. Bxe6
fxe6 9. Be3 d5 10. a3 d4 11. Nxe5 dxc3 12. Ng6 cxb2 13. Nxh8 bxa1=Q 14. Qxa1
Nbd7 15. Ng6 Qa5+ 16. Bd2 Qa4 17. Nxf8 Nxf8 18. Bxh6 Nh5 19. Bxg7 Nxg7 20. O-O
Nh5 21. Qh8 Nf4 22. Qb2 O-O-O 23. Re1 N8g6 24. Qf6 Qxc2 0-1

[Event "AUTO-INT-3716"]
[Site "http://www.queenalice.com/game.php?id=1775076"]
[Date "2021.11.17"]
[Round "1"]
[White "gutopa"]
[Black "Castling"]
[Result "0-1"]
[WhiteElo "1501"]
[BlackElo "1540"]

1. e4 e5 2. Bc4 Nf6 3. d3 h6 4. Nf3 d6 5. h3 Qe7 6. O-O a6 7. b3 Nc6 8. Ba3 Nd4
9. Nxd4 exd4 10. Re1 Qe5 11. Bd5 Be7 12. Nd2 Be6 13. Bxb7 Ra7 14. Bc6+ Nd7 15.
Bxd7+ Kxd7 16. Nf3 Qf6 17. e5 Qg6 18. g4 c5 19. b4 h5 20. bxc5 dxc5 21. Re4 hxg4
22. Nh4 Rxh4 23. hxg4 Bxg4 24. Rxg4 Rxg4+ 25. Qxg4+ Qxg4+ 26. Kh2 Qf4+ 27. Kg2
Qxe5 28. Rc1 c4 29. Bxe7 Kxe7 30. Kf1 Qh5 31. Re1+ Kf8 32. dxc4 Qh1+ 33. Ke2
Re7+ 0-1

[Event "AUTO-INT-3722"]
[Site "http://www.queenalice.com/game.php?id=1776760"]
[Date "2021.12.10"]
[Round "1"]
[White "SamuraiJOM"]
[Black "gutopa"]
[Result "1-0"]
[WhiteElo "1661"]
[BlackElo "1515"]

1. e4 e5 2. Nf3 d5 3. Nc3 d4 4. Nd5 Be6 5. Bc4 Bxd5 6. exd5 Nf6 7. Bb5+ c6 8.
dxc6 bxc6 9. Ba4 Qa5 10. b3 Qa6 11. Nxe5 Bd6 12. Nc4 Ne4 13. O-O O-O 14. Nxd6
Nxd6 15. Re1 Nd7 16. d3 Nc5 17. Ba3 Ncb7 18. Bb2 c5 19. c4 dxc3 20. Bxc3 Rad8
21. Qf3 g6 22. Qf6 1-0

[Event "AUTO-INT-3722"]
[Site "http://www.queenalice.com/game.php?id=1776761"]
[Date "2021.12.10"]
[Round "1"]
[White "gutopa"]
[Black "SamuraiJOM"]
[Result "1/2-1/2"]
[WhiteElo "1482"]
[BlackElo "1810"]

1. e4 e5 2. Bc4 Nf6 3. d3 Bc5 4. Bg5 h6 5. Bxf6 Qxf6 6. Qf3 Qxf3 7. Nxf3 Nc6 8.
Bd5 f6 9. Bxc6 dxc6 10. O-O Be6 11. c3 O-O-O 12. Rd1 a5 13. b4 axb4 14. cxb4 Ba7
15. a4 b6 16. Nc3 Kb8 17. d4 Bb3 18. Rd3 Bc4 19. Rd2 Kb7 20. a5 bxa5 21. bxa5 c5
22. d5 Ba6 23. Rb1+ Kc8 24. Nb5 Bb8 25. Rc2 g5 26. Rxc5 Kd7 27. Nc3 Ke8 28. Rc6
Kf7 29. Rd1 Bb7 30. Rc5 Ba6 31. Nb5 g4 32. Nh4 c6 33. Rxc6 Bxb5 34. Rb6 Be2 35.
Re1 Bd3 36. a6 Ba7 37. Rb7+ Ke8 38. Rxa7 Rd7 39. Ra8+ Rd8 40. Rxd8+ Kxd8 41. Ra1
Kc7 42. a7 Kb7 43. Nf5 Ba6 44. Nd6+ Kxa7 45. Nb5+ Kb6 46. Nc3 Bb7 47. Rb1+ Kc7
48. d6+ Kc6 49. d7 Rd8 50. Nd5 Rxd7 51. Nxf6 Rd4 52. Nxg4 Rxe4 53. f3 Rf4 54.
Nxe5+ Kc7 55. Rc1+ Kd6 56. Nd3 Rf5 57. f4 h5 58. g3 Be4 59. Rd1 Rd5 60. Nb2 Ke6
61. Rxd5 Bxd5 62. Nd3 Kf5 63. Ne5 Be4 64. Kf2 Bd5 65. Nf3 Kg4 66. h4 Bxf3 67. f5
Bd5 68. f6 Kf5 69. Ke3 Ke5 70. Kf2 Kf5 71. Ke3 Kxf6 72. Kf4 Kg6 73. g4 Be6 74.
gxh5+ Kxh5 75. Kg3 Bg4 76. Kf4 1/2-1/2

[Event "AUTO-INT-3722"]
[Site "http://www.queenalice.com/game.php?id=1776774"]
[Date "2021.12.10"]
[Round "1"]
[White "balu"]
[Black "gutopa"]
[Result "0-1"]
[WhiteElo "1411"]
[BlackElo "1508"]

1. e4 e5 2. Nf3 d6 3. Bc4 Nf6 4. d3 Bg4 5. h3 Bxf3 6. Qxf3 c6 7. Nc3 b5 8. Bb3
Be7 9. O-O O-O 10. Be3 b4 11. Ne2 d5 12. exd5 cxd5 13. Bg5 Nc6 14. c3 h6 15.
Bxf6 Bxf6 16. Bxd5 e4 17. Bxc6 exf3 18. Bxf3 Rb8 19. Nd4 Bxd4 20. cxd4 Qxd4 21.
Be4 Qxb2 22. Bd5 Rfd8 23. Bc4 Qc2 24. Rac1 Qa4 25. Rfe1 Re8 26. Bb3 Qd7 27. Bc4
Rxe1+ 28. Rxe1 a5 29. Re3 a4 30. Re5 b3 0-1

[Event "AUTO-INT-3722"]
[Site "http://www.queenalice.com/game.php?id=1776775"]
[Date "2021.12.10"]
[Round "1"]
[White "gutopa"]
[Black "balu"]
[Result "1-0"]
[WhiteElo "1495"]
[BlackElo "1424"]

1. e4 e5 2. Bc4 Nf6 3. d3 Nc6 4. Bg5 h6 5. Bxf6 Qxf6 6. Qf3 Qxf3 7. Nxf3 Bd6 8.
c3 O-O 9. O-O Bc5 10. b4 Bb6 11. Bd5 a6 12. Bxc6 bxc6 13. Nxe5 Re8 14. d4 a5 15.
f4 f6 16. Ng6 d5 17. e5 f5 18. Nd2 axb4 19. cxb4 Bxd4+ 20. Kh1 Bxa1 21. Rxa1 Kh7
22. Nh4 Ra4 23. a3 c5 24. bxc5 Rxf4 25. g3 Rd4 26. Ndf3 Rc4 27. a4 Bb7 28. Nxf5
d4 29. Ra3 Bxf3+ 30. Rxf3 1-0

[Event "AUTO-INT-3722"]
[Site "http://www.queenalice.com/game.php?id=1776784"]
[Date "2021.12.10"]
[Round "1"]
[White "gutopa"]
[Black "profeta"]
[Result "1-0"]
[WhiteElo "1485"]
[BlackElo "1537"]

1. e4 e5 2. Bc4 Nf6 3. d3 Nc6 4. c3 h6 5. Nf3 d5 6. Bb5 dxe4 7. Bxc6+ bxc6 8.
Nxe5 Bb7 9. Qb3 Qe7 10. Qxb7 Qxe5 11. Qxa8+ Kd7 12. d4 Qe8 13. Qxa7 Bd6 14. O-O
Ng4 15. g3 e3 16. Bxe3 f5 17. d5 c5 18. Qa4+ Kc8 19. Qxe8+ Rxe8 20. Nd2 Ne5 21.
Bf4 Nd3 22. Bxd6 cxd6 23. Nc4 Kc7 24. Rad1 Ne5 25. Rfe1 Ra8 26. Nxe5 dxe5 27. a3
Kd6 28. f4 e4 29. g4 g5 30. gxf5 gxf4 31. Rxe4 Rg8+ 32. Kf1 f3 33. Re6+ Kd7 34.
Rg6 Rf8 35. Rg7+ Ke8 36. d6 Kd8 37. d7 h5 38. f6 Rxf6 39. Rg8+ Kc7 40. d8=Q+ Kc6
41. Qxf6+ Kb5 42. Rb8+ Kc4 43. Qh4# 1-0

[Event "AUTO-INT-3722"]
[Site "http://www.queenalice.com/game.php?id=1776785"]
[Date "2021.12.10"]
[Round "1"]
[White "profeta"]
[Black "gutopa"]
[Result "1/2-1/2"]
[WhiteElo "1510"]
[BlackElo "1503"]

1. e4 e5 2. Nf3 d6 3. Nc3 c6 4. h3 d5 5. d4 dxe4 6. Nxe4 exd4 7. Qxd4 Qxd4 8.
Nxd4 f5 9. Ng5 h6 10. Nge6 Bxe6 11. Nxe6 Kd7 12. Nxf8+ Kd6 13. Bf4+ Kc5 14. Be3+
Kb4 15. c3+ Ka5 16. b4+ Ka4 17. a3 Nf6 18. Ne6 Nbd7 19. Rd1 g5 20. Rd4 b5 21.
Nc5+ Nxc5 22. bxc5+ Ka5 23. Bd2 Ka6 24. a4 Rhd8 25. Rxd8 Rxd8 26. Be2 Ne4 27.
axb5+ cxb5 28. Be3 Nxc3 29. Bf3 f4 30. Bd2 Nb1 31. Bc1 b4 32. Be2+ Kb7 33. f3
Kc6 34. Kf2 Nc3 35. Re1 Kxc5 36. Bb2 Nd5 37. Rc1+ Kb6 38. Bd4+ Kb7 39. Bc4 Nc7
40. Rd1 a5 41. Ke2 a4 42. Bf6 Rxd1 43. Kxd1 Kc6 44. Kc2 Kc5 45. Ba2 b3+ 46. Bxb3
axb3+ 47. Kxb3 Ne6 48. Kc3 Kd5 49. Kd3 h5 50. g4 h4 1/2-1/2

[Event "Challenge"]
[Site "http://www.queenalice.com/game.php?id=1776824"]
[Date "2021.12.10"]
[Round "-"]
[White "Renie"]
[Black "gutopa"]
[Result "1-0"]
[WhiteElo "1348"]
[BlackElo "1505"]

1. c4 e5 2. Nc3 Bc5 3. a3 Qh4 4. e3 Nf6 5. d3 d6 6. g3 Qh5 7. Nce2 O-O 8. Bg2
Bg4 9. h3 Bxe2 10. Nxe2 c6 11. Qb3 b6 12. Qa4 Qf5 13. d4 b5 14. cxb5 cxb5 15.
Qxb5 Bb6 16. Bxa8 Ne4 17. Qd5 Qxf2+ 18. Kd1 Qf3 19. Re1 Nf2+ 20. Kd2 Qxd5 21.
Bxd5 Nxh3 22. dxe5 dxe5 23. Kc2 Rd8 24. Be4 Rc8+ 25. Kb1 Nf2 26. Bc2 Nd7 27. Rf1
Ng4 28. Bb3 Bxe3 29. Bxf7+ Kh8 30. Be6 Rc7 31. Bxg4 1-0

[Event "AUTO-INT-3724"]
[Site "http://www.queenalice.com/game.php?id=1777216"]
[Date "2021.12.14"]
[Round "1"]
[White "Atacante"]
[Black "gutopa"]
[Result "1-0"]
[WhiteElo "1710"]
[BlackElo "1495"]

1. e4 e5 2. Nf3 d6 3. Bc4 Nf6 4. d3 Bg4 5. c3 c6 6. Be3 b5 7. Bb3 d5 8. Nbd2
dxe4 9. Nxe4 Bxf3 10. gxf3 a5 11. Nc5 Bxc5 12. Bxc5 a4 13. Bc2 Nbd7 14. Bd6 Nb6
15. Bxe5 Qe7 16. d4 Rd8 17. Qe2 O-O 18. O-O-O Nc4 19. f4 h5 20. Qf3 Rc8 21. Bxf6
1-0

[Event "AUTO-INT-3724"]
[Site "http://www.queenalice.com/game.php?id=1777217"]
[Date "2021.12.14"]
[Round "1"]
[White "gutopa"]
[Black "Atacante"]
[Result "0-1"]
[WhiteElo "1503"]
[BlackElo "1702"]

1. e4 Nf6 2. e5 Nd5 3. c4 Nb6 4. Nc3 d6 5. exd6 exd6 6. d4 Be7 7. Nf3 Bg4 8. h3
Bh5 9. Be3 N8d7 10. d5 Nf6 11. Be2 h6 12. Bxb6 axb6 13. Nd4 Bg6 14. O-O O-O 15.
Bd3 Bxd3 16. Qxd3 Qd7 17. Rae1 c5 18. dxc6 bxc6 19. Na4 Rxa4 20. Nf5 Re8 21. Qg3
Qxf5 0-1

[Event "AUTO-INT-3724"]
[Site "http://www.queenalice.com/game.php?id=1777230"]
[Date "2021.12.14"]
[Round "1"]
[White "mvson33"]
[Black "gutopa"]
[Result "1-0"]
[WhiteElo "1746"]
[BlackElo "1498"]

1. e4 e5 2. Nf3 d6 3. Bc4 Bg4 4. Nc3 c6 5. d3 b5 6. Bb3 a5 7. a3 Nd7 8. O-O Ndf6
9. Bg5 Be7 10. h3 Bh5 11. g4 Bg6 12. Nh2 h5 13. f4 hxg4 14. hxg4 Qb6+ 15. Kg2
exf4 16. Bxf4 d5 17. exd5 cxd5 18. Nxd5 Nxd5 19. Bxd5 Rd8 20. Qe2 Rxd5 21. Rae1
Qb7 22. Qf3 Nf6 23. c4 bxc4 24. dxc4 Rd7 25. Qxb7 1-0

[Event "AUTO-INT-3724"]
[Site "http://www.queenalice.com/game.php?id=1777231"]
[Date "2021.12.14"]
[Round "1"]
[White "gutopa"]
[Black "mvson33"]
[Result "0-1"]
[WhiteElo "1505"]
[BlackElo "1739"]

1. e4 e5 2. Bc4 Nf6 3. Qf3 d6 4. h3 Be7 5. d3 O-O 6. Bg5 Nbd7 7. Nc3 Rb8 8. Bb5
b6 9. Bxd7 Qxd7 10. Nd5 Nxd5 11. Bxe7 Nxe7 12. O-O-O Bb7 13. Qg3 Ng6 14. Nf3 Nf4
15. Rde1 f5 16. Ng5 h6 17. Nf3 fxe4 18. dxe4 Qc6 19. Qg4 Rbe8 20. g3 Ne6 21. b3
Rf6 22. Re3 Ref8 23. Nh4 Rxf2 24. Ng6 Qxc2# 0-1